La Defensa de la autonomía local ante el Tribunal Constitucional / Pablo Pérez Tremps
ISBN:
84-7248-598-6
Descripción Física:
118 p. ; 21 cm
Colección:
Seminario de régimen local
MARC
| LEADER | 00000nam a2200000Ia 4500 | ||
|---|---|---|---|
| 001 | 13234 | ||
| 008 | 160829s1998 xx 000 0 cat d | ||
| 020 | |a 84-7248-598-6 | ||
| 080 | |a D-1-184 | ||
| 100 | |a Pérez Tremps, Pablo |9 37432 | ||
| 245 | |a La Defensa de la autonomía local ante el Tribunal Constitucional / Pablo Pérez Tremps | ||
| 260 | |a Barcelona : |b Diputació de Barcelona ; Madrid : |b Marcial Pons, |c 1998 | ||
| 300 | |a 118 p. ; |c 21 cm | ||
| 490 | |a Seminario de régimen local | ||
| 590 | |a A la coberta : Universidad Carlos III de Madrid | ||
| 610 | 0 | |a Espanya. |b Tribunal Constitucional |9 10171 | |
| 650 | 0 | |a Administració local |z Espanya |9 37433 | |
| 901 | |a Arxiu | ||
| 942 | |n 1 | ||
| 952 | |0 0 |1 0 |4 0 |6 D1184 |7 1 |9 47862 |a Arxiu |b Arxiu |d 2016-12-01 |l 0 |o D-1-184 |p 13234 |r 2016-12-01 00:00:00 |w 2016-12-01 |y ARXIU | ||
| 952 | |0 0 |1 0 |4 0 |7 1 |9 63575 |a Arxiu |b Arxiu |d 2022-08-29 |o PDL |p 26564 |r 2022-08-29 00:00:00 |w 2022-08-29 |y ARXIU | ||
| 952 | |0 0 |1 0 |4 0 |6 PDL |7 1 |9 63585 |a Arxiu |b Arxiu |d 2022-08-30 |l 0 |o PDL |p 26577 |r 2022-08-30 00:00:00 |w 2022-08-30 |y ARXIU | ||
| 999 | |c 51662 |d 51662 | ||